Pictorial report number 15.

This Episode of The Big Picture, produced by the US Army Pictorial Service, is about the greatest peacetime Troop Independent Movement in Army history with the replacement of the entire 1st Infantry Division in Germany by the 10th Infantry Division.

Bibliographic Details
Format: Video
Language:English
Language Notes:In English.
Original language in English.
Published: Washington D.C. : Army Pictorial Service, 1955.
Series:American history in video.
Big picture.
Subjects:
Online Access:Connect to this streaming video (Alexander Street Press)

MARC

Tag First Indicator Second Indicator Subfields
LEADER 00000cgm a2200000 i 4500
001 in00005544310
006 m o c
007 cr |n|---||a|a
007 vz |zazu|
008 080405s1955 dcu029 o vueng d
005 20241201230051.2
035 |a (OCoLC)ocn677927903 
040 |a ALSTP  |b eng  |e pn  |c ALSTP  |d OCLCQ  |d CUS  |d NRC  |d OCLCQ  |d OCLCO  |d OCLCQ  |d OCLCF  |d OCLCQ  |d U3G  |d OCLCO  |d OCL  |d OCLCQ  |d OCLCO  |d OCLCQ  |d OCL  |d IAA  |d IGB  |d MNI  |d WYU  |d EBC  |d OCLCO  |d OCLCL  |d OCLCQ  |d NUI 
019 |a 780684186  |a 1430829935  |a 1444011949 
035 |a (OCoLC)677927903  |z (OCoLC)780684186  |z (OCoLC)1430829935  |z (OCoLC)1444011949 
043 |a n-us---  |a e-gx--- 
050 4 |a E178 
049 |a TXAM 
245 0 0 |a Pictorial report number 15. 
260 |a Washington D.C. :  |b Army Pictorial Service,  |c 1955. 
300 |a 1 online resource (1 electronic resource (29 min.)). 
336 |a two-dimensional moving image  |b tdi  |2 rdacontent 
337 |a computer  |b c  |2 rdamedia 
338 |a online resource  |b cr  |2 rdacarrier 
490 1 |a Big picture ;  |v Episode 313 
588 0 |a Print version record. 
520 |a This Episode of The Big Picture, produced by the US Army Pictorial Service, is about the greatest peacetime Troop Independent Movement in Army history with the replacement of the entire 1st Infantry Division in Germany by the 10th Infantry Division. 
546 |a In English. 
546 |a Original language in English. 
650 0 |a Soldiers  |z United States  |x History  |y 20th century. 
651 0 |a Germany. 
650 7 |a Soldiers.  |2 fast  |0 (OCoLC)fst01125233 
651 7 |a Germany.  |2 fast  |0 (OCoLC)fst01210272  |1 https://id.oclc.org/worldcat/entity/E39PBJtCD3rcKcPDx6FHmjvrbd 
651 7 |a United States.  |2 fast  |0 (OCoLC)fst01204155  |1 https://id.oclc.org/worldcat/entity/E39PBJtxgQXMWqmjMjjwXRHgrq 
648 7 |a 1900-1999  |2 fast 
655 4 |a Streaming videos. 
655 7 |a Documentary films.  |2 fast  |0 (OCoLC)fst01710390 
655 7 |a History.  |2 fast  |0 (OCoLC)fst01411628 
655 7 |a Nonfiction films.  |2 fast  |0 (OCoLC)fst01710269 
655 7 |a Documentary films.  |2 lcgft 
655 7 |a Nonfiction films.  |2 lcgft 
655 7 |a Documentaires.  |2 rvmgf 
655 7 |a Films autres que de fiction.  |2 rvmgf 
830 0 |a American history in video. 
830 0 |a Big picture. 
856 4 0 |u http://proxy.library.tamu.edu/login?url=https://www.aspresolver.com/aspresolver.asp?AVN2;1790016  |z Connect to this streaming video (Alexander Street Press)  |t 0 
955 |a Alexander Street Press subscription streaming video 
994 |a 92  |b TXA 
999 f f |s 6affd945-b54c-4373-8dde-c7e5e3e4ec04  |i 38db0575-2c50-47e8-8d9f-ba5dda801b53  |t 0 
952 f f |a Texas A&M University  |b College Station  |c Electronic Resources  |d Available Online  |t 0  |e E178   |h Library of Congress classification 
998 f f |a E178   |t 0  |l Available Online